Quizzes
Events
Quiz Creation
Community
Videos
Private Events
Remove Ads
Sign In
Join for FREE
Feedback
Dark Mode
Quiz Categories
Sports
Geography
Music
Movies
Television
Just For Fun
Miscellaneous
History
Literature
Language
Science
Gaming
Entertainment
Religion
Holiday
For Kids
Quiz Lab
Recent
Popular Today
Quiz Kudos Today
Editor Picks
Curator Picks
Quizzes by...
Day
Popularity
Type
Ratings
Length
Year
Community
Subscriptions
Recent Discussions
Orange Saloon
Badges
Playlists
Quests
Create
Leaderboards
Showdown
Live 5
Trivia Bingo
Activity
Puzzle Library
Sporcle Events
Private Events
Virtual Trivia
Globe League
Become a Host
Pub Owners
SporcleCon
Opinionation
Our Games
Videos
Blog
Mobile Apps
Partnerships
Remove Ads and Go Orange
Feedback
Gaming
Video Games
Board Games
Card Games
Pokémon
Mario
Nintendo
Minecraft
Console
Toys
Legend of Zelda
Gaming
Video Games
Board Games
Card Games
Pokémon
Mario
Nintendo
Minecraft
Console
Toys
Legend of Zelda
Random Quiz
Search Sporcle
×
Quiz Lab
Quiz Lab
Gaming
Mario
Type in answers that appear in a list
Type in answers that appear in a list
Classic
Best Score? Go Orange.
Paper Mario Series Partners Stats
Can you name the Paper Mario Series Partners?
By
MrFH
10m
28 Questions
72 Plays
72 Plays
72 Plays
Comments
Comments
Give Quiz Kudos
Give Quiz Kudos
-
- Ratings
hide this ad
Forced Order
Answers have to be entered in order
Answers have to be entered in order
Minefield
Wrong answers will end the quiz
Wrong answers will end the quiz
Wrong Answers
Some wrong answers will appear in red
Some wrong answers will appear in red
Replay
Link that replays current quiz
Next Quiz
Link to next quiz in quiz playlist
You Got
0%
They Got
Avg Score
69%
Avg Friend Score
Upgrade to see
Score Distribution
Jump to the score distribution portion of the page
Score
0/28
Timer
10:00
0
Plays Today
% Correct
???
100%
???
93.1%
???
91.7%
???
83.3%
???
76.4%
???
75%
???
72.2%
???
70.8%
???
70.8%
???
70.8%
???
69.4%
???
69.4%
???
69.4%
???
69.4%
% Correct
???
65.3%
???
65.3%
???
63.9%
???
62.5%
???
62.5%
???
61.1%
???
61.1%
???
59.7%
???
59.7%
???
59.7%
???
59.7%
???
59.7%
???
59.7%
???
58.3%
Quiz Playlist
Details
Report
Send in Message
Add To Playlist
Classic:
Type in answers that appear in a list
Forced Order:
Answers have to be entered in order
Minefield:
Wrong answers will end the quiz
Wrong Answers:
Some wrong answers will appear in red
Last Updated: Feb 16, 2017
Quiz Scoreboard
CHALLENGE
Sign Up to Join the Scoreboard
Show All
Scores
Hide
Comments
May contain spoilers
Recently Published
Alphabetical 'K' Countries by Flag Minefield
by ylime102
Geography
3m
Pick 6: Fruits
by JohnFran
Miscellaneous
15s
Click the 1999 NBA Draft
by nibperrychub
Sports
2m
More to Explore
Quiz From the Vault
Featured Blog Post
15 Basketball Trivia Facts You Can Be March Mad About
hide this ad
You Might Also Like...
Tags
Mario Quiz
Paper
Paper Mario
Partner
Today's Top Quizzes in Gaming
Browse Gaming
hide this ad
Today's Top Quizzes in Mario
Browse Mario
Top Contributed Quizzes in Gaming
1
Video Game Rainbow Blitz
2
Genshin Impact Logic Puzzle
3
Pokémon Gen IV Logic Puzzle (HARD)
4
Rainbow Six Siege Operators by Picture
5
Genshin Impact Logic Puzzle Quiz
6
Pokémon Logic Puzzle (DIFFICULT)
7
Ordering Roman Numerals: Pokémon
8
Magic: the Gathering Set Symbols - LCI
9
St. Patrick's Pick: Gaming
10
Wii Remote Buttons
Explore More
Trending Topics
NBA
Crossword
Anime
Marvel
Harry Potter
Kpop
Disney
Pokémon
NFL
Country
Soccer
WWE
Puzzle
The Office
Song
hide this ad
More By:
MrFH
Quiz
Plays
Rating
Category
Featured
Created
Ed, Edd 'n' Eddy Characters alphabetical
276
1.00
Television
Mar 17, 2012
Super Mario Galaxy 1 & 2 Enemies and Obstacles
230
Gaming
Mar 25, 2012
Mario and Luigi: Dream Team Bros. Giant Bosses
217
1.00
Gaming
Aug 24, 2013
Zelda 3D Games Enemies
150
2.33
Gaming
Mar 17, 2012
Super Mario Bros. Series Enemies
150
2.00
Gaming
Mar 17, 2012
Go to Creator's Profile
Score Distribution
Quiz Creator Spotlight
MrFH
Follow
Send a Message
Quizzes Created
-
Created Quiz Play Count
-
More By This Creator
Popular Quizzes Today
1
Pick 6: Fruits
2
Find the US States - No Outlines Minefield
3
Countries of Asia Without Outlines Minefield
4
Alphabetical 'K' Countries by Flag Minefield
5
The Countries of the World
6
Click the 1999 NBA Draft
7
Match the Book to the Film X
8
Find the US States
More Gaming Quizzes
'POKEMON' Pokémon (Gen 1)
Quiz Lab
Trending Quizzes
Donkey Kong Minefield
Multiplication Danger Zone
DC Extended Universe: Oldest to Newest
The 3rd Thing You Need to Know: Actresses
Minefield Map: North American Capitals
Recently Updated
Women's Final Four Teams by Year
bhenderson79
Presidents Quartet II
eogle
Anything But Clue(do)
eogle
Anything But Oceanian Capitals
eogle
Anything But 7
eogle
Anything But Thing
eogle
Word Ladder: February 29
pecheneg
Song Title Questions
pecheneg
Women's NCAA Tournament #1 Seeds
pecheneg
Celebrity Mug Shots
pecheneg
Trending Topics
Anime
Disney
Kpop
Crossword
Harry Potter
Marvel
NBA
NFL
Pokémon
Puzzle
Song
Country
WWE
The Office
Soccer
Your Account Isn't Verified!
In order to create a playlist on Sporcle, you need to verify the email address you used during registration. Go to your
Sporcle Settings
to finish the process.
Report this User
Report this user for behavior that violates our
Community Guidelines
.
Details:
Send Report
Go to the Sporcle.com Mobile Site →
Comments